书目信息 |
| 题名: |
十万个为什么:医学 2
|
|
| 作者: | ||
| 分册: | ||
| 出版信息: |
|
|
| 页数: | 209页 | |
| 开本: | 20cm | |
| 丛书名: | ||
| 单 册: | ||
| 中图分类: | N51 | |
| 科图分类: | ||
| 主题词: | 自然科学--丛书 , 自然科学--多卷书 | |
| 电子资源: | ||
| ISBN: | ||
| 000 | 00402nam0 2200157 450 | |
| 001 | 0657130667 | |
| 005 | 20060404155210.67 | |
| 100 | @a20060404d km y0chiy0120 ea | |
| 101 | 0 | @achi |
| 200 | 1 | @a十万个为什么:医学 2@Ashi wan ge wei shi mo:yi xue 2 |
| 215 | @a209页@d20cm | |
| 606 | 0 | @a自然科学@x丛书 |
| 606 | 0 | @a自然科学@x多卷书 |
| 690 | @aN51@v3 | |
| 801 | 0 | @aCN@bPFT@c20060404 |
| 905 | @a10447@dN51@eS513 | |
| 十万个为什么:医学 2 |
| 209页;20cm |
| ISBN : |
| ● |
| 相关链接 |
|
|
|
正题名:十万个为什么:医学 2
索取号:N51/S513
 
预约/预借
| 序号 | 登录号 | 条形码 | 馆藏地/架位号 | 状态 | 备注 |
| 1 | 201343 | 202013436 | 自科库401/401自科库 141排1列23层/ [索取号:N51/S513] | 在馆 |